
Library Catalogue

| 000 -LEADER | |
|---|---|
| fixed length control field | 01302nam a2200217Ia 4500 |
| 003 - CONTROL NUMBER IDENTIFIER | |
| control field | OSt |
| 005 - DATE AND TIME OF LATEST TRANSACTION | |
| control field | 20210607223513.0 |
| 008 - FIXED-LENGTH DATA ELEMENTS--GENERAL INFORMATION | |
| fixed length control field | 160316s2012 xxu||||| |||| 00| 0 eng d |
| 020 ## - INTERNATIONAL STANDARD BOOK NUMBER | |
| International Standard Book Number | 9780198078951 |
| 040 ## - CATALOGING SOURCE | |
| Transcribing agency | n |
| 082 ## - DEWEY DECIMAL CLASSIFICATION NUMBER | |
| Classification number | 305.800000 |
| Item number | NAT |
| 100 ## - MAIN ENTRY--PERSONAL NAME | |
| Personal name | Nathan Dev |
| 245 ## - TITLE STATEMENT | |
| Title | Markets and indigenous peoples in Asia : Lessons from development projects |
| 260 ## - PUBLICATION, DISTRIBUTION, ETC. | |
| Place of publication, distribution, etc. | New Delhi |
| Name of publisher, distributor, etc. | Oxford University Press |
| Date of publication, distribution, etc. | 2012 |
| 300 ## - PHYSICAL DESCRIPTION | |
| Extent | 229p |
| Dimensions | xvi |
| 365 ## - TRADE PRICE | |
| Price amount | Rs. 645 |
| 505 ## - FORMATTED CONTENTS NOTE | |
| Formatted contents note | Table of contents<br/>FOREWORD ; <br/>ACKNOWLEDGEMENTS ; <br/>INTRODUCTION ; <br/>1. : POVERTY AND DEPRIVATION AMONG INDIGENOUS PEOPLES IN ASIA ; <br/>2. : CAPABILITIES, ASPIRATIONS, AND ECONOMIC CHANGE ; <br/>3. : INFRASTRUCTURE AND THE GROWTH OF MARKETS ; <br/>4. : PRODUCTION INTERVENTIONS ; <br/>5. : TOURISM AND POVERTY REDUCTION ; <br/>6. : HUNTER-GATHERERS: SETTLING DOWN ; <br/>7. : SOCIAL NORMS AND PROPERTY SYSTEMS ; <br/>8. : GENDER RELATIONS ; <br/>9. : NATURE MANAGEMENT REGIMES ; <br/>10. : INDIGENOUS KNOWLEDGE AND TECHNOLOGY DEVELOPMENT ; <br/>11. : LOCAL GOVERNANCE ; <br/>12. : DEVELOPMENT WITH IDENTITY ; <br/>REFERENCES ; <br/>INDEX. |
| 650 ## - SUBJECT ADDED ENTRY--TOPICAL TERM | |
| Topical term or geographic name entry element | 1. Indigenous Peoples - Asia - Economic Conditions2. Indigenous Peoples - Asia - Social Conditions. 3. Markets - Asia - Economic Conditions |
| 700 ## - ADDED ENTRY--PERSONAL NAME | |
| Personal name | Thapa Ganesh |
| -- | Kelkar Govind |
| 942 ## - ADDED ENTRY ELEMENTS (KOHA) | |
| Source of classification or shelving scheme | Dewey Decimal Classification |
| Koha item type | BOOKs |
| Withdrawn status | Lost status | Damaged status | Not for loan | Home library | Current library | Shelving location | Date acquired | Cost, normal purchase price | Total Checkouts | Full call number | Barcode | Date last seen | Price effective from | Koha item type |
|---|---|---|---|---|---|---|---|---|---|---|---|---|---|---|
| . | . | 30.05.2017 | 645.00 | 305.8 NAT | 29810 | 30.05.2017 | 30.05.2017 | BOOKs |